Nueva Matemática. Libro de consulta. Primer nivel.
Guardado en:
| Autor principal: | |
|---|---|
| Otros Autores: | |
| Formato: | Libro |
| Lenguaje: | español |
| Publicado: |
Valladolid
Miñón
1971
|
| Catálogo: | MANES: Resultados de Búsqueda del Catálogo |
| Clasificación de libros de texto: |
|
| Etiquetas: |
Agregar Etiqueta
Sin Etiquetas, Sea el primero en etiquetar este registro!
|
| Añadido a: | 2020-11-17 |
| Cambiado en: | 2025-05-07 |
MARC
| LEADER | 00000nam a22000007a 4500 | ||
|---|---|---|---|
| 005 | 20250507133412.0 | ||
| 008 | 201118b ||||| |||| 00| 0 spa d | ||
| 561 | |5 es-CICE |3 FMa/M79 |a España. Centro Internacional de la Cultura Escolar |k MANES | ||
| 999 | |c 90992 |d 90992 | ||
| 040 | |a centro_manes |c Centro_internacional de la cultura escolar | ||
| 100 | |9 31244 |a Álvarez, A. | ||
| 245 | |a Nueva Matemática. Libro de consulta. Primer nivel. | ||
| 260 | |a Valladolid |b Miñón |c 1971 | ||
| 300 | |a 107 p. |c 25 x 17 cm | ||
| 500 | |a Contiene ilustraciones a color y ejercicios para el alumno. | ||
| 546 | |a España | ||
| 690 | 0 | |a MATE | |
| 691 | 0 | |a PRI | |
| 700 | |a Cacharro, F. |9 35360 | ||
| 942 | |2 ddc |c BK | ||
| 999 | |c manes:90992 |d 90992 | ||